• 首页
  • 本馆介绍
  • 公告通知
  • 最新文献
  • 馆藏检索
  • 电子资源
  • 读者导购
  • 参考咨询
  • 我的图书馆
  • 登录
  • 详细信息显示
  • 放入我的书架
  • 预约/预借图书
  • 作者相关作品
  • 分类相关作品
  • 丛书相关作品
  • 出版社相关作品

书目信息

  • 表格格式
  • 工作单格式
  • 卡片格式
题名:
像达·芬奇一样工作
    
 
作者: 高鹏 编著
分册:  
出版信息: 北京   京华出版社  2006
页数: 169页
开本: 24cm
丛书名:
单 册:
中图分类: B026-49
科图分类:
主题词: 工作方法--通俗读物 , 工作方法
电子资源:
ISBN: 7-80600-973-6
000 00943nam0 2200265 450
000 00949nam0 2200265 450
000 00879nam0 2200241 450
000 00843nam0 2200229 45
005 20070517162110.21
010    @a7-80600-973-6@dCNY22.80
100    @a20061201d2006 em y0chiy0120 ea
101 0  @achi
102    @aCN@b110000
105    @aa z 000yy
200 1  @a像达·芬奇一样工作@Axiang da · fen qi yi yang gong zuo@e七个原则让你成为卓越工作人@f高鹏编著
210    @a北京@c京华出版社@d2006
215    @a169页@c图@d24cm
330    @a本书详细解读了好奇心、执行、悟性、细节、追求完美与卓越、制定可行的计划、经营关系等七个成为卓越工作人的原则。
517 1  @a七个原则让你成为卓越工作人@Aqi ge yuan ze rang ni cheng wei zhuo yue gong zuo ren
606 0  @a工作方法@x通俗读物
606 0  @a工作方法
690    @aB026-49@v4
701  0 @a高鹏@Agao peng@c(编辑)@4编著
801  0 @aCN@bTAOJIN@c20070517
905    @a10447@dB026-49@e101
    
    像达·芬奇一样工作:七个原则让你成为卓越工作人/高鹏编著.-北京:京华出版社,2006
    169页:图;24cm
    
    
    ISBN 7-80600-973-6:CNY22.80
    本书详细解读了好奇心、执行、悟性、细节、追求完美与卓越、制定可行的计划、经营关系等七个成为卓越工作人的原则。
●
相关链接 在E读中查询图书 在五车中查询图书 在当当中查询图书 在豆瓣中查询图书


正题名:像达·芬奇一样工作     索取号:B026-49/101         预约/预借

序号 登录号 条形码 馆藏地/架位号 状态 备注
1 0521058   205210582   第一样本阅览室/ [索取号:B026-49/101] 在馆    
2 0521059   205210591   第一借阅区/ [索取号:B026-49/101] 在馆    
3 0521060   205210608   第一借阅区/ [索取号:B026-49/101] 在馆    
4 0521061   205210617   第一借阅区/ [索取号:B026-49/101] 在馆    
5 0521062   205210626   第一借阅区/ [索取号:B026-49/101] 在馆    
6 0521063   205210635   第一借阅区/ [索取号:B026-49/101] 在馆    
7 0521064   205210644   第一借阅区/ [索取号:B026-49/101] 在馆    
8 0521065   205210653   第一借阅区/ [索取号:B026-49/101] 在馆    
唐山师范学院图书馆 欢迎您!
大连网信软件有限公司© 版权所有